Análisis de la burguesía salvadoreña a través de la crisis coyuntural de 1975-1976

Sparad:
Bibliografiska uppgifter
Huvudupphovsman: Schwartz, Carole
Materialtyp: Text
Publicerad: México: FLACSO
Taggar: Lägg till en tagg
Inga taggar, Lägg till första taggen!

MARC

LEADER 00000 a a2200000 04500
001 15786
003
040
090 |a EXTRAVIADO  
100 |a Schwartz, Carole  
245 |a Análisis de la burguesía salvadoreña a través de la crisis coyuntural de 1975-1976  
260 |a México:   |b FLACSO  
300 |a 20 p.  
999 |c 6123  |d 6123